[Event "Jyvaskyla op2"]
[Site "Jyvaskyla"]
[Date "1996.??.??"]
[Round "2"]
[White "Tuominen, Risto"]
[Black "Yrjola, Jouni"]
[Result "0-1"]
[WhiteElo "2105"]
[BlackElo "2460"]

1.d4 d6 2.Nf3 g6 3.c4 Bg7 4.Nc3 Nf6 5.e4 O-O 6.Be2 e5 7.O-O Nc6 8.d5 Ne7
9.Ne1 Ne8 10.Be3 f5 11.f3 f4 12.Bf2 g5 13.c5 Rf6 14.a4 Rg6 15.cxd6 Nxd6 16.Nb5 Bd7
17.Nxd6 cxd6 18.Rc1 Kh8 19.Qb3 b6 20.a5 b5 21.a6 Ng8 22.Nc2 g4 23.fxg4 Nf6
24.Bxb5 Qb8 25.Na3 Nxe4 26.Qa4 Bxb5 27.Qxb5 Qg8 28.Qb7 Bf6 29.Rc7 Rxg4 30.Rxh7+ Qxh7
31.Qxa8+ Rg8 32.Qxa7 Qg6 33.Bg3 Nxg3 34.hxg3 Bh4 35.Qd7 Qxg3  0-1

[Event "Jyvaskyla op2"]
[Site "Jyvaskyla"]
[Date "1996.??.??"]
[Round "8"]
[White "Shevelev, Sergei"]
[Black "Saastamoinen, Aarne"]
[Result "0-1"]
[WhiteElo "2430"]
[BlackElo "2180"]

1.d4 Nf6 2.c4 g6 3.Nc3 Bg7 4.e4 d6 5.Nf3 O-O 6.Be2 e5 7.O-O Nc6 8.d5 Ne7
9.Ne1 Nd7 10.Be3 f5 11.f3 a5 12.Nd3 c5 13.dxc6 bxc6 14.Qd2 Ba6 15.b3 Qb8
16.Rad1 Nf6 17.Nb2 Rd8 18.Bd3 Kh8 19.Nca4 c5 20.exf5 gxf5 21.Bh6 Rg8 22.Bxg7+ Rxg7
23.Bc2 Qg8 24.Rf2 Ne8 25.Nb6 Ra7 26.N2a4 Bb7 27.Nc3 Bc6 28.Ncd5 Bxd5 29.cxd5 Nf6
30.Kh1 Qd8 31.Nc4 f4 32.Be4 Nxe4 33.fxe4 Ng8 34.Re1 Rg6 35.Qc3 Qg5 36.Nxa5 Qh4
37.Rf3 Rag7 38.Re2 Nf6 39.Qd2 Ng4 40.h3 Ne3 41.Rexe3 fxe3 42.Rf8+ Rg8 43.Rxg8+ Kxg8
44.Qxe3 Rg4 45.Nc4 Rxe4 46.Qf3 Re1+ 47.Kh2 Qf4+ 48.Qxf4 exf4 49.Nxd6 Re5
50.a4 Rxd5 51.Nb7 c4 52.bxc4 Rd4 53.a5 Rxc4 54.a6 Rc6 55.Kg1 Rxa6 56.Kf2 Rc6
57.Kf3 Kf8 58.Kxf4 Ke7 59.Na5 Rc3 60.Ke4 Ke6 61.Nb7 Rg3 62.Nc5+ Kf7 63.Kf4 Rxg2
64.Ne4 Kg6 65.Kf3 Rg1 66.Kf2 Ra1 67.Kg3 Ra3+ 68.Kg2 Kf5 69.Nf2 h5 70.Nh1 Kf4
71.Nf2 Ra2 72.Kg1 Kf3 73.Nh1  0-1

[Event "Karditsa"]
[Site "Karditsa"]
[Date "1996.??.??"]
[Round "3"]
[White "Agnos, Demetrios"]
[Black "Grivas, Efstratios"]
[Result "1/2-1/2"]
[WhiteElo "2460"]
[BlackElo "2475"]

1.d4 Nf6 2.c4 g6 3.Nc3 Bg7 4.e4 d6 5.Nf3 O-O 6.Be2 e5 7.O-O Nc6 8.d5 Ne7
9.Ne1 c5 10.dxc6 bxc6 11.b4 d5 12.Bg5 dxe4 13.Nc2 Qxd1 14.Rfxd1 Nf5 15.Bxf6 Bxf6
16.Nxe4 Be7 17.a3 h5 18.g3 Be6 19.Kf1  1/2-1/2

[Event "Koszalin op"]
[Site "Koszalin"]
[Date "1996.??.??"]
[Round "2"]
[White "Sherbakov, Ruslan"]
[Black "Syrtlanov, Vil"]
[Result "1-0"]
[WhiteElo "2565"]
[BlackElo "2375"]

1.d4 Nf6 2.c4 g6 3.Nc3 Bg7 4.e4 d6 5.Be2 O-O 6.Nf3 e5 7.O-O Nc6 8.d5 Ne7
9.Nd2 a5 10.a3 Bd7 11.b3 c6 12.Bb2 Bh6 13.c5 cxd5 14.cxd6 Nc8 15.Nxd5 Nxd5
16.exd5 f6 17.a4 Nxd6 18.Ba3 Bf5 19.Nc4 Nxc4 20.Bxc4 Re8 21.d6+ Kh8 22.Qd5 b6
23.Bb5 Bd7 24.Rfd1 Ra7 25.Ra2 Qc8 26.h3 Qc3 27.Bxd7 Rxd7 28.Qb5 Rdd8 29.d7 Rg8
30.Be7 Qc7 31.Bxf6+ Bg7 32.Bxd8 Rxd8 33.Qd3 Bf6 34.Rc2 Qb7 35.Qd6 Kg7 36.Rc6  1-0

[Event "SLO-ch U18"]
[Site "Kranj"]
[Date "1996.??.??"]
[Round "8"]
[White "Kostanjevec, T."]
[Black "Beletic, Daniel"]
[Result "1/2-1/2"]
[WhiteElo "1795"]
[BlackElo "1900"]

1.d4 Nf6 2.Nf3 g6 3.c4 Bg7 4.Nc3 d6 5.e4 O-O 6.Be2 e5 7.O-O Nc6 8.d5 Ne7
9.Nd2 Nd7 10.b4 f5 11.f3 f4 12.Nb3 b6 13.a4 g5 14.Bd2 h5 15.Be1 Ng6 16.Bf2 Nf6
17.h3 g4 18.fxg4 hxg4 19.hxg4 Nh7 20.c5 Qg5 21.Nd2 Qh6 22.cxd6 Ng5 23.dxc7 Kf7
24.Nf3 Nxf3+ 25.Bxf3 Rh8 26.Bxb6 axb6 27.Kf2  1/2-1/2

[Event "Krasnodar op"]
[Site "Krasnodar"]
[Date "1996.??.??"]
[Round "5"]
[White "Kobylkin, Evgeni"]
[Black "Semenov, Valeri"]
[Result "1-0"]
[WhiteElo "2380"]
[BlackElo "2375"]

1.d4 Nf6 2.c4 g6 3.Nc3 Bg7 4.e4 d6 5.Nf3 O-O 6.Be2 e5 7.O-O Nc6 8.d5 Ne7
9.Ne1 Nd7 10.Be3 f5 11.f3 f4 12.Bf2 g5 13.a4 Nf6 14.c5 Rf7 15.a5 Bf8 16.cxd6 cxd6
17.Nb5 g4 18.Bxa7 g3 19.Bb6 gxh2+ 20.Kh1 Qd7 21.Nc7 Ng6 22.Nxa8 Nh5 23.Bf2 Be7
24.Nb6 Qd8 25.Rc1 Bd7 26.Nxd7 Bh4 27.Nd3 Bxf2 28.Nxf2 Qg5  1-0

[Event "Krasnodar op"]
[Site "Krasnodar"]
[Date "1996.??.??"]
[Round "7"]
[White "Ovsejevitsch, Sergei"]
[Black "Tseshkovsky, Vitaly"]
[Result "1/2-1/2"]
[WhiteElo "2405"]
[BlackElo "2540"]

1.d4 d6 2.Nf3 g6 3.c4 Bg7 4.Nc3 Nf6 5.e4 O-O 6.Be2 e5 7.O-O Nc6 8.d5 Ne7
9.Kh1 Kh8 10.Ne1 Nd7 11.Nd3 f5 12.exf5 Nxf5 13.Bf3 Nd4 14.Be4 Nf6 15.Bg5 Qe8
16.Bxf6 Rxf6 17.Ne2 Bd7 18.Nxd4 exd4 19.Qe2 Qf8 20.Rae1 Re8 21.Qd1 Qf7 22.Bf3 Rf8
23.Bg4 c6 24.Bxd7 Qxd7 25.Qb3 Qf7 26.Re4 Rf5 27.Rfe1 cxd5 28.cxd5 Be5 29.Nxe5 Rxe5
30.Rxe5 dxe5 31.f3 Qc7 32.Qd3 Qd6 33.Qe4 Rd8 34.Kg1 Qxd5 35.Qxe5+ Qxe5 36.Rxe5 d3
37.Re1 Rc8 38.Rd1 Rc2  1/2-1/2

[Event "Krasnodar op"]
[Site "Krasnodar"]
[Date "1996.??.??"]
[Round "10"]
[White "Zakharstov, Viacheslav V"]
[Black "Mihajlovskij, Sergei"]
[Result "1-0"]
[WhiteElo "2435"]
[BlackElo "2310"]

1.Nf3 g6 2.d4 Bg7 3.c4 d6 4.Nc3 Nf6 5.e4 O-O 6.Be2 e5 7.O-O Nc6 8.d5 Ne7
9.Ne1 Ne8 10.Nd3 f5 11.Bd2 Nf6 12.f3 f4 13.c5 g5 14.cxd6 cxd6 15.Nf2 Rf7
16.Qc2 h5 17.h3 a6 18.a4 Bf8 19.a5 Rg7 20.Na4 g4 21.hxg4 hxg4 22.fxg4 Nxg4
23.Nxg4 Bxg4 24.Bxg4 Rxg4 25.Nb6 Rb8 26.Be1 Ng6 27.Qe2 Qg5 28.Nd7 f3 29.Rxf3 Nf4
30.Rxf4 Rxf4 31.Nxb8 Qd8 32.Bd2 Rf7 33.Qg4+ Rg7 34.Qe6+ Kh7 35.Rf1  1-0

[Event "Kuala Lumpur schev"]
[Site "Kuala Lumpur"]
[Date "1996.??.??"]
[Round "2"]
[White "Murugan, Krishnamoorthy"]
[Black "Mas, Hafizulhelmi"]
[Result "1/2-1/2"]
[WhiteElo "2410"]
[BlackElo "2290"]

1.d4 Nf6 2.Nf3 g6 3.c4 Bg7 4.Nc3 O-O 5.e4 d6 6.Be2 e5 7.O-O Nc6 8.Be3 Ng4
9.Bg5 f6 10.Bc1 Kh8 11.d5 Ne7 12.Ne1 Nh6 13.Be3 f5 14.f3 Bd7 15.a4 Nhg8 16.Nd3 Bh6
17.Bxh6 Nxh6 18.f4 Nf7 19.fxe5 Nxe5 20.Nxe5 dxe5 21.c5 Ng8 22.Qd2 f4 23.b4 g5
24.Qb2 Nf6 25.a5 Qe8 26.a6 b6 27.c6 Bc8 28.Nb5 Qe7 29.Qc2 Ne8 30.Qc3 Rf6
31.Kh1 Rh6 32.Kg1 Kg8 33.Bc4 Kg7 34.Be2 Kg8 35.Bc4 Kg7 36.Be2 Kg8 37.Bc4  1/2-1/2

[Event "Kuala Lumpur schev"]
[Site "Kuala Lumpur"]
[Date "1996.??.??"]
[Round "12"]
[White "Ravi, Lanka"]
[Black "Mok Tze Meng"]
[Result "1/2-1/2"]
[WhiteElo "2390"]
[BlackElo "2240"]

1.d4 g6 2.e4 Bg7 3.c4 d6 4.Nc3 Nf6 5.Nf3 O-O 6.Be2 e5 7.O-O Nc6 8.d5 Ne7
9.b4 Nh5 10.g3 f5 11.Ng5 Nf6 12.f3 f4 13.Kg2 fxg3 14.hxg3 Nh5 15.Rh1  1/2-1/2

[Event "La Coruna op"]
[Site "La Coruna"]
[Date "1996.??.??"]
[Round "?"]
[White "Pogorelov, Ruslan"]
[Black "Baron Rodriguez, Jorge"]
[Result "1-0"]
[WhiteElo "2450"]
[BlackElo "2245"]

1.Nf3 Nf6 2.c4 g6 3.Nc3 Bg7 4.e4 d6 5.d4 O-O 6.Be2 e5 7.O-O Nc6 8.d5 Ne7
9.Ne1 Ne8 10.Be3 f5 11.f3 c5 12.dxc6 bxc6 13.Qd2 Be6 14.Rd1 Qc7 15.f4 exf4
16.Bxf4 fxe4 17.Nxe4 Qb6+ 18.Be3 Rxf1+ 19.Kxf1 Qxb2 20.Qxb2 Bxb2 21.Nxd6 a5
22.Nf3 Nf6 23.Ng5 Bg4 24.h3 Rf8 25.Bf2 Bxe2+ 26.Kxe2 Nh5 27.g3 a4 28.Nde4 h6
29.Ne6 Rb8 30.Rd8+ Rxd8 31.Nxd8 Nf6 32.Nxf6+ Bxf6 33.g4 g5 34.Bc5 Ng6 35.Nxc6 Nf4+
36.Kf3 Kf7 37.Be3 Ke6 38.Nb4 Ke5 39.Bxf4+ gxf4 40.c5 Bg5 41.a3 Bf6 42.c6 Kd6
43.c7  1-0

[Event "Las Palmas op"]
[Site "Las Palmas"]
[Date "1996.??.??"]
[Round "9"]
[White "Pogorelov, Ruslan"]
[Black "Rodriguez, Blas"]
[Result "1-0"]
[WhiteElo "2450"]
[BlackElo "2250"]

1.Nf3 Nf6 2.c4 g6 3.Nc3 Bg7 4.e4 d6 5.d4 O-O 6.Be2 e5 7.O-O Nc6 8.d5 Ne7
9.Ne1 Nd7 10.Be3 f5 11.f3 f4 12.Bf2 g5 13.a4 Ng6 14.a5 Nf6 15.c5 h5 16.cxd6 cxd6
17.Nb5 g4 18.Nxa7 g3 19.Bb6 gxh2+ 20.Kh1 Qe7 21.Nxc8 Raxc8 22.Nd3 h4 23.Nf2 Nh5
24.Kxh2 Ng3 25.Re1 h3 26.gxh3 Nh4 27.Bb5 Ng6 28.Qd3 Nh4 29.Rac1  1-0

[Event "CUB-ch"]
[Site "Las Tunas"]
[Date "1996.??.??"]
[Round "3"]
[White "Vera, Reynaldo"]
[Black "Diaz, Joaquin C"]
[Result "1-0"]
[WhiteElo "2505"]
[BlackElo "2375"]

1.d4 Nf6 2.c4 g6 3.Nc3 Bg7 4.e4 d6 5.Be2 O-O 6.Nf3 e5 7.O-O Nc6 8.d5 Ne7
9.b4 Nh5 10.Re1 f5 11.Ng5 Nf4 12.Bxf4 exf4 13.Rc1 Kh8 14.Bf3 Be5 15.c5 h6
16.Ne6 Bxe6 17.dxe6 fxe4 18.Nxe4 Nf5 19.cxd6 cxd6 20.Nc5 dxc5 21.Qxd8 Raxd8
22.Rxe5 Rfe8 23.bxc5 Re7 24.Kf1 Nd4 25.Rd1 Kg7 26.Bxb7 Kf6 27.Rd5 Rxd5 28.Bxd5 Nxe6
29.Bxe6 Rxe6 30.Rc1 Rc6 31.Ke2 Ke5 32.Kf3 Kf5 33.Rc4 g5 34.g3 fxg3 35.hxg3 h5
36.g4+ hxg4+ 37.Kg3 a5 38.a4  1-0

[Event "Lazne Bohdanec"]
[Site "Lazne Bohdanec"]
[Date "1996.??.??"]
[Round "5"]
[White "Stocek, Jiri"]
[Black "Vokac, Marek"]
[Result "1/2-1/2"]
[WhiteElo "2465"]
[BlackElo "2455"]

1.d4 Nf6 2.c4 d6 3.Nc3 g6 4.e4 Bg7 5.Be2 O-O 6.Nf3 e5 7.O-O Nc6 8.d5 Ne7
9.Ne1 Nd7 10.Be3 f5 11.f3 Nf6 12.c5 Kh8 13.cxd6 cxd6 14.Rc1 Ne8 15.Nd3 Ng8
16.f4 exf4 17.Nxf4 Qe7 18.Qd2 fxe4 19.Nb5 Ngf6 20.h3 a6 21.Nd4 Nc7 22.Qa5 b6
23.Nc6 Qf7 24.Bxb6 g5 25.Nd8 Qg8 26.Nh5 Nxh5 27.Rxf8 Qxf8 28.Bxh5 Qxd8 29.Rxc7 Bd7
30.Ra7 Qc8 31.Rc7 Qd8 32.Bg4 Rc8 33.Rc4 Qf8 34.Rxc8 Bxc8 35.Qa4 Bxg4 36.hxg4 Bxb2
37.Qxe4 Qf6 38.Be3 Kg7 39.Qd3 Qe5 40.Kf2 a5 41.Kf3 a4 42.Qf5 Qxf5+ 43.gxf5 Kf6
44.g4 h5 45.Bb6 hxg4+ 46.Kxg4 Ke5  1/2-1/2

[Event "Le Touquet op"]
[Site "Le Touquet"]
[Date "1996.??.??"]
[Round "?"]
[White "Bernard, Christophe"]
[Black "Ivanov, Mikhail Y"]
[Result "1/2-1/2"]
[WhiteElo "2405"]
[BlackElo "2260"]

1.d4 Nf6 2.Nf3 g6 3.c4 Bg7 4.Nc3 O-O 5.e4 d6 6.Be2 e5 7.O-O Nc6 8.d5 Ne7
9.Nd2 a5 10.a3 Bd7 11.b3 c6 12.Bb2 c5 13.Nb5 Ne8 14.Qc2 f5 15.f4 exf4 16.Bxg7 Kxg7
17.Rxf4 Ng8 18.exf5 Rxf5 19.Rxf5 Bxf5 20.Bd3 Nh6 21.Re1 Bd7 22.Qc3+ Kg8 23.Nf3  1/2-1/2

[Event "Le Touquet op"]
[Site "Le Touquet"]
[Date "1996.??.??"]
[Round "?"]
[White "Chuchelov, Vladimir"]
[Black "Ahn, Martin"]
[Result "1-0"]
[WhiteElo "2510"]
[BlackElo "2295"]

1.d4 Nf6 2.Nf3 g6 3.c4 Bg7 4.Nc3 O-O 5.e4 d6 6.Be2 e5 7.O-O Nc6 8.d5 Ne7
9.Nd2 a5 10.a3 Nd7 11.Rb1 f5 12.b4 Kh8 13.Qc2 Ng8 14.f3 Ngf6 15.Bd3 f4 16.Be2 h5
17.Nb5 b6 18.Bb2 Ne8 19.c5 dxc5 20.bxc5 Nxc5 21.a4 Bd7 22.Ba3 g5 23.Bxc5 bxc5
24.Nb3 c6 25.dxc6 Bxc6 26.Rfd1 Qe7 27.Qxc5 Qxc5+ 28.Nxc5 Rf6 29.Rbc1 Rg6
30.Bc4 Bf8 31.Bf7 Rg7 32.Bd5 Bxd5 33.exd5 Nd6 34.Ne6 Nxb5 35.Nxg7 Nd4 36.Ne6 Ne2+
37.Kf1 Nxc1 38.Rxc1 g4 39.Rc6 Kg8 40.d6 Kf7 41.d7 Be7 42.Rc8 Ra6 43.d8=Q Bxd8
44.Nxd8+ Ke7 45.Nb7 Rb6 46.Nxa5 Rb1+ 47.Ke2 Rb2+ 48.Kd3 Rxg2 49.Nc4 Rxh2
50.Nxe5 Kf6 51.Rc5 g3 52.Ke4 Re2+ 53.Kxf4 g2 54.Rc6+ Ke7 55.Rc1 Kf6 56.Nd3 h4
57.Rg1 h3 58.Kg3 Re3 59.Nf2 Ra3 60.Nxh3 Rxa4 61.Rxg2  1-0

[Event "Le Touquet op"]
[Site "Le Touquet"]
[Date "1996.??.??"]
[Round "?"]
[White "Chuchelov, Vladimir"]
[Black "Ivanov, Mikhail Y"]
[Result "1-0"]
[WhiteElo "2510"]
[BlackElo "2260"]

1.d4 Nf6 2.Nf3 g6 3.c4 Bg7 4.Nc3 O-O 5.e4 d6 6.Be2 e5 7.O-O Nc6 8.d5 Ne7
9.Nd2 Ne8 10.b4 f5 11.c5 Nf6 12.f3 f4 13.Nc4 h5 14.a4 g5 15.Ba3 Ne8 16.b5 Ng6
17.a5 b6 18.cxb6 cxb6 19.axb6 axb6 20.Na4 Rb8 21.Bb4 Nh4 22.Naxb6 Rxb6 23.Ba5 g4
24.Nxb6 gxf3 25.Nxc8 Qxc8 26.gxf3 Qh3 27.Rf2 Rf6 28.Bf1 Rg6+ 29.Kh1 Qd7 30.b6 Nf6
31.Rb1 Qb7 32.Qc2 Bf8 33.Qc7  1-0

[Event "Le Touquet op"]
[Site "Le Touquet"]
[Date "1996.??.??"]
[Round "?"]
[White "Ivanov, Mikhail Y"]
[Black "Degraeve, Jean Marc"]
[Result "1/2-1/2"]
[WhiteElo "2260"]
[BlackElo "2490"]

1.Nf3 Nf6 2.c4 g6 3.Nc3 Bg7 4.e4 d6 5.d4 O-O 6.Be2 e5 7.O-O Nc6 8.dxe5 dxe5
9.Bg5 Qxd1 10.Rfxd1 Bg4 11.h3 Bxf3 12.Bxf3 Nd4 13.Nd5 Nxd5 14.cxd5 f6 15.Be3 Nc2
16.Rac1 Nxe3 17.fxe3 Rf7 18.Be2 Kh8 19.d6 cxd6 20.Rxd6 Bf8 21.Rdd1 b6 22.Ba6 Bc5
23.Kf2 f5 24.Bc4 Rf6 25.exf5 gxf5 26.Ke2 Rg6 27.g4 fxg4 28.hxg4 Rxg4 29.Rg1 Re4
30.Rg3 Rh4 31.Bd5 Rd8 32.Rcg1 h6 33.R1g2 Be7 34.Rg8+ Rxg8 35.Rxg8+ Kh7 36.Ra8 Kg6
37.Rxa7 Rh2+ 38.Kd3 Bc5 39.Rf7 Rxb2 40.Rf1 Be7 41.Ke4 Bg5 42.Kxe5 Bxe3 43.Rf3 Bg5
44.Rb3 Bf6+ 45.Kf4 Rxb3 46.axb3  1/2-1/2

[Event "Le Touquet op"]
[Site "Le Touquet"]
[Date "1996.??.??"]
[Round "?"]
[White "Villeneuve, Alain"]
[Black "Roeder, Mathias"]
[Result "0-1"]
[WhiteElo "2320"]
[BlackElo "2445"]

1.d4 Nf6 2.Nf3 g6 3.c4 Bg7 4.Nc3 O-O 5.e4 d6 6.Be2 e5 7.O-O Nc6 8.d5 Ne7
9.b4 a5 10.Ba3 axb4 11.Bxb4 Nd7 12.a4 Nc5 13.a5 f5 14.Bxc5 dxc5 15.Ne1 Bd7
16.Nd3 b6 17.Qb3 fxe4 18.Nxe4 Nf5 19.axb6 Nd4 20.Qb2 Rxa1 21.Rxa1 cxb6 22.Re1 Bf5
23.Bd1 Bxe4 24.Rxe4 Nf5 25.Qe2 Nd6 26.Rg4 Qf6 27.f3 e4 28.Nf2 exf3 29.gxf3 Re8
30.Ne4 Qd4+ 31.Kh1 Nxe4 32.Rxe4 Rxe4 33.fxe4 h5 34.e5 Bxe5 35.Bc2 Kg7 36.Qe4 Qxe4+
37.Bxe4 g5 38.Bf5 b5 39.cxb5 c4 40.Kg2 Kf6 41.Bc2 g4 42.h3 Kg5 43.hxg4 hxg4
44.d6 Bxd6 45.Kf2 Kf4 46.Ke2 Bc5 47.Bg6 g3 48.Kf1 Kf3 49.Bh5+ Ke3 50.Kg2 Bd6  0-1

[Event "Leon-B"]
[Site "Leon"]
[Date "1996.??.??"]
[Round "4"]
[White "Lima, Darcy"]
[Black "Romero Holmes, Alfonso"]
[Result "1-0"]
[WhiteElo "2440"]
[BlackElo "2425"]

1.d4 Nf6 2.c4 g6 3.Nc3 Bg7 4.e4 d6 5.Be2 O-O 6.Nf3 e5 7.O-O Nc6 8.d5 Ne7
9.b4 Nh5 10.Re1 f5 11.Ng5 Nf6 12.f3 c6 13.Kh1 h6 14.Ne6 Bxe6 15.dxe6 Ne8
16.b5 c5 17.Nd5 Nc7 18.Nxc7 Qxc7 19.exf5 gxf5 20.g4 Kh8 21.Rg1 Rf6 22.gxf5 Nxf5
23.Bd3 Qe7 24.Qe2 e4 25.Bxe4 Rxe6 26.Rb1 Rf8 27.Qd3 Nd4 28.Rb2 d5 29.cxd5 Ref6
30.Rbg2 R6f7 31.d6 Qxd6 32.Rg6 Qe5 33.Bxh6 Nxf3 34.Bxg7+ Rxg7 35.Rh6+ Kg8
36.Bd5+ Rf7 37.Bxf7+  1-0

[Event "Liechtenstein op"]
[Site "Liechtenstein"]
[Date "1996.??.??"]
[Round "3"]
[White "Adensamer, Gerhard"]
[Black "Frick, Renato"]
[Result "0-1"]
[WhiteElo "2045"]
[BlackElo "2140"]

1.d4 Nf6 2.Nf3 g6 3.c4 Bg7 4.Nc3 d6 5.e4 O-O 6.Be2 e5 7.O-O Nc6 8.d5 Ne7
9.Ne1 Ne8 10.Be3 f5 11.f3 f4 12.Bf2 g5 13.b4 Kh8 14.c5 Ng8 15.Nd3 h5 16.h3 Rf7
17.a4 Bf8 18.a5 Nh6 19.b5 Nf6 20.b6 axb6 21.axb6 Rxa1 22.Qxa1 g4 23.bxc7 Qxc7
24.cxd6 Qxd6 25.Nb5 Qd8 26.Nxe5 Rg7 27.hxg4 hxg4 28.fxg4 Bxg4 29.Bxg4 Nhxg4
30.Nxg4 Nxg4 31.Bd4 Qh4 32.Rf3 Qh2+ 33.Kf1 Qh1+ 34.Ke2 Qxg2+ 35.Bf2 Nxf2
36.Qf1 Nxe4+ 37.Qxg2 Rxg2+ 38.Kd3 Nc5+ 39.Kd4 b6 40.Rxf4 Bg7+ 41.Kc4 Rc2+  0-1

[Event "Anibal op 3rd"]
[Site "Linares"]
[Date "1996.??.??"]
[Round "?"]
[White "Kozul, Zdenko"]
[Black "Shchekachev, Andrei"]
[Result "1-0"]
[WhiteElo "2580"]
[BlackElo "2500"]

1.d4 Nf6 2.Nf3 g6 3.c4 Bg7 4.Nc3 O-O 5.e4 d6 6.Be2 e5 7.O-O Nc6 8.d5 Ne7
9.Ne1 Ne8 10.Nd3 f5 11.Bd2 Nf6 12.f3 f4 13.c5 g5 14.cxd6 cxd6 15.Nf2 Ng6
16.Qc2 Rf7 17.Rfc1 a6 18.a4 h5 19.h3 g4 20.fxg4 hxg4 21.hxg4 Bf8 22.a5 b5
23.axb6 Qxb6 24.Na4 Qa7 25.Ba5 Rb8 26.g5 Ng4 27.Bf3 Ne3 28.Qe2 Rfb7 29.Rc6 Rg7
30.Rac1 Bd7 31.Rxa6 Qd4 32.Nb6 Nh4 33.Nxd7 Nxf3+ 34.Qxf3 Rxd7 35.Bc3 Qc4
36.Rc6 Qb5 37.Ng4 Nxg4 38.Qxg4 Rg7 39.Qe6+ Kh7 40.Kf2  1-0

[Event "Anibal op 3rd"]
[Site "Linares"]
[Date "1996.??.??"]
[Round "?"]
[White "Lputian, Smbat G"]
[Black "Ferrer Sanchez, P."]
[Result "1-0"]
[WhiteElo "2580"]
[BlackElo "2280"]

1.d4 Nf6 2.c4 g6 3.Nc3 Bg7 4.e4 d6 5.Nf3 O-O 6.Be2 e5 7.O-O Nc6 8.d5 Ne7
9.Ne1 Nd7 10.Nd3 f5 11.Bd2 f4 12.g4 Bf6 13.b4 Kh8 14.c5 Bg5 15.f3 h5 16.Rc1 a6
17.a4 Ng8 18.gxh5 Ndf6 19.hxg6 Nh5 20.Nf2 Nh6 21.Ng4 Rg8 22.Rf2 Rxg6 23.Rg2 Bxg4
24.fxg4 f3 25.Bxf3 Bxd2 26.Qxd2 Nf4 27.Rg3 Qh4 28.Ne2 Rf8 29.Kh1 Nxe2 30.Qxe2 Nf7
31.cxd6 cxd6 32.g5 Rxg5 33.Bg4 Kg7 34.Rc7  1-0

[Event "SWE-chB2"]
[Site "Linkoping"]
[Date "1996.??.??"]
[Round "?"]
[White "Hjelm, Niclas"]
[Black "Laveryd, Peter"]
[Result "0-1"]
[WhiteElo "2325"]
[BlackElo "2300"]

1.d4 Nf6 2.Nf3 g6 3.c4 Bg7 4.Nc3 O-O 5.e4 d6 6.Be2 e5 7.O-O Nc6 8.d5 Ne7
9.Ne1 Nd7 10.Be3 f5 11.f3 f4 12.Bf2 h5 13.a4 g5 14.a5 Nf6 15.c5 g4 16.cxd6 cxd6
17.Nb5 g3 18.Bxa7 Ng6 19.Bb6 Qe7 20.Kh1 Ne8 21.Rc1 Rf7 22.Qd2 gxh2 23.Nc7 Nxc7
24.Rxc7 Qg5 25.Rxf7 Kxf7 26.Bb5 Bf8 27.Nd3 h4 28.Nf2 Be7 29.Nh3 Qf6 30.b4 Nf8
31.Rc1 Nh7 32.Qf2 Ng5 33.Qxh4 Bxh3 34.gxh3 Rh8 35.Qg4 Rxh3 36.Rc8 Kg7 37.Bf2 Rxf3
38.Bh4 Qg6 39.Qd7 Nf7 40.Kxh2 Bxh4  0-1

[Event "SWE-ch"]
[Site "Linkoping"]
[Date "1996.??.??"]
[Round "9"]
[White "Astrom, Robert"]
[Black "Johansson, Mikael"]
[Result "1-0"]
[WhiteElo "2425"]
[BlackElo "2325"]

1.d4 Nf6 2.Nf3 g6 3.c4 Bg7 4.Nc3 O-O 5.e4 d6 6.Be2 e5 7.O-O Nc6 8.d5 Ne7
9.b4 Nh5 10.Re1 h6 11.c5 Nf4 12.Bf1 g5 13.Nd2 Neg6 14.Nc4 g4 15.cxd6 cxd6
16.b5 Kh7 17.Ba3 Rg8 18.Bxd6 Nh4 19.Kh1 Qg5 20.Ne2 Bd7 21.Qb3 Rac8 22.Rad1 Bf6
23.Nxf4 Qxf4 24.Qe3 Bxb5 25.Nxe5 Qxe3 26.Rxe3 Bxf1 27.Rxf1 Bxe5 28.Bxe5 Rc2
29.a3 Rgc8 30.h3 Ng6 31.Bf6 gxh3 32.Rxh3 Re8 33.f3 Nf4 34.Rh4 Ne2 35.Rg4 h5
36.Rg7+ Kh6 37.d6 Re6 38.e5 Rd2 39.f4 h4 40.Kh2 Ng3 41.Rf3 Nh5 42.f5 Re8
43.Bg5+ Kxg7 44.Bxd2 Rd8 45.Rd3 Ng3 46.Bg5  1-0

[Event "SWE-ch"]
[Site "Linkoping"]
[Date "1996.??.??"]
[Round "10"]
[White "Astrom, Robert"]
[Black "Degerman, Lars"]
[Result "1-0"]
[WhiteElo "2425"]
[BlackElo "2500"]

1.d4 Nf6 2.Nf3 g6 3.c4 Bg7 4.Nc3 O-O 5.e4 d6 6.Be2 e5 7.O-O Nc6 8.d5 Ne7
9.b4 Nh5 10.Re1 f5 11.Ng5 Nf6 12.f3 c6 13.Be3 Bh6 14.h4 cxd5 15.cxd5 f4 16.Bf2 Bxg5
17.hxg5 Ne8 18.Rc1 Bd7 19.Bb5 Bxb5 20.Nxb5 Nc8 21.Qa4 Rf7 22.Rc2 Qxg5 23.Rec1 Ne7
24.Nc7 Nxc7 25.Rxc7 Qf6 26.Rxb7 Raf8 27.Rcc7 g5 28.Qxa7 Re8 29.Qa4 Rd8 30.Bb6 Rdf8
31.Qd7 g4 32.Qe6  1-0

[Event "Lippstadt"]
[Site "Lippstadt"]
[Date "1996.??.??"]
[Round "11"]
[White "Schlosser, Philipp"]
[Black "Touzane, Olivier"]
[Result "1-0"]
[WhiteElo "2560"]
[BlackElo "2495"]

1.Nf3 Nf6 2.c4 g6 3.Nc3 Bg7 4.e4 d6 5.d4 O-O 6.Be2 e5 7.O-O Nc6 8.d5 Ne7
9.b4 Nh5 10.Re1 Nf4 11.Bf1 h6 12.c5 g5 13.Nd2 f5 14.Nc4 fxe4 15.cxd6 cxd6
16.Nxe4 Nf5 17.b5 Bf6 18.a4 Be7 19.Ba3 b6 20.g3 Ng6 21.Bg2 a6 22.Qd3 axb5
23.Ncxd6 Kg7 24.Nxf5+ Bxf5 25.d6 Bf6 26.axb5 Rf7 27.Qd5 Ra4 28.Bb2 Rxa1 29.Rxa1 Rd7
30.Ra8 Ne7 31.dxe7  1-0

[Event "Litomysl op"]
[Site "Litomysl"]
[Date "1996.??.??"]
[Round "7"]
[White "Neuman, Petr"]
[Black "Likavsky, Tomas"]
[Result "0-1"]
[WhiteElo "2205"]
[BlackElo "2305"]

1.d4 Nf6 2.c4 g6 3.Nc3 Bg7 4.e4 d6 5.Nf3 O-O 6.Be2 e5 7.O-O Nc6 8.d5 Ne7
9.Ne1 Nd7 10.Nd3 f5 11.Bd2 fxe4 12.Nxe4 Nf6 13.Bf3 Nf5 14.Bc3 h6 15.g3 Bd7
16.Bg2 g5 17.Qd2 Rf7 18.Nxf6+ Bxf6 19.c5 Ne7 20.Bb4 Bf5 21.Rfe1 Qd7 22.Ba3 Rd8
23.Rac1 Bh3 24.Bh1 Nf5 25.c6 bxc6 26.dxc6 Qe6 27.Nb4 Nd4 28.Nc2 Nxc2 29.Rxc2 d5
30.Rc5 e4 31.b4 Bf5 32.Bb2 d4 33.Bxe4 Bxe4 34.f3 Qxa2 35.fxe4 d3 36.e5 Bg7
37.Rf1 Rxf1+ 38.Kxf1 Bf8 39.Rc1 Qd5 40.Kg1 a5 41.Bc3 axb4  0-1

[Event "Loures2"]
[Site "Loures"]
[Date "1996.??.??"]
[Round "6"]
[White "Pinho, Paulo"]
[Black "Caselas, Jacobo"]
[Result "1/2-1/2"]
[WhiteElo "2135"]
[BlackElo "2350"]

1.d4 Nf6 2.c4 g6 3.Nc3 Bg7 4.e4 d6 5.Nf3 O-O 6.Be2 e5 7.O-O Nc6 8.d5 Ne7
9.Ne1 Ne8 10.Be3 f5 11.f3 f4 12.Bf2 g5 13.c5 Ng6 14.a4 Nf6 15.cxd6 cxd6 16.a5 a6
17.b4 h5 18.Nc2 g4 19.Bb6 Qe8 20.b5 Bh6 21.Na3 g3 22.Nc4 gxh2+ 23.Kh1 Qe7
24.Bf2 h4 25.Kxh2 Nh5 26.Nb6 Rb8 27.Rg1 Qg5 28.Rc1 Ng3 29.Nxc8 Rbxc8 30.bxa6 bxa6
31.Bxa6 Rc7 32.Na4 Rxc1 33.Qxc1 h3 34.gxh3 Nh4 35.Qc3 Kh8 36.Bc8 Nf1+ 37.Kh1 Ng3+
38.Kh2 Nf1+ 39.Kh1 Ng3+  1/2-1/2

[Event "Loures"]
[Site "Loures"]
[Date "1996.??.??"]
[Round "11"]
[White "Pinho, Paulo"]
[Black "Santos, Carlos P"]
[Result "0-1"]
[WhiteElo "2135"]
[BlackElo "2340"]

1.d4 Nf6 2.c4 g6 3.Nc3 Bg7 4.e4 d6 5.Nf3 O-O 6.Be2 e5 7.O-O Nc6 8.d5 Ne7
9.Ne1 Nd7 10.f3 f5 11.Be3 f4 12.Bf2 g5 13.a4 Ng6 14.Kh1 a6 15.Nd3 Rf7 16.c5 Nf6
17.cxd6 cxd6 18.a5 Bf8 19.Na4 g4 20.Nb6 Rb8 21.Nxc8 Rxc8 22.b4 Rg7 23.Nb2 Qe7
24.Be1 h5 25.Na4 h4 26.Nb6 Rc7 27.Rc1 Nh5 28.Rxc7 Qxc7 29.fxg4 Ng3+ 30.Bxg3 hxg3
31.h3 Rh7 32.Qc1 Qd8 33.Rf3 Bh6 34.Qc2 Rc7 35.Rc3 Rxc3 36.Qxc3 Kf7 37.Kg1 Ke7
38.Kf1 Nh4 39.Bf3 Bg5 40.Ke2 Qb8 41.Qc2 Kd8 42.Na4 Kd7 43.Nb2 Qa7 44.Nd1 Qg1
45.Kd3 Nxf3  0-1

[Event "Asia-ch Boys"]
[Site "Macau"]
[Date "1996.??.??"]
[Round "?"]
[White "Guthrie, David"]
[Black "Mas, Hafizulhelmi"]
[Result "0-1"]
[WhiteElo "2110"]
[BlackElo "2290"]

1.d4 Nf6 2.c4 g6 3.Nc3 Bg7 4.e4 d6 5.Be2 O-O 6.Nf3 e5 7.O-O Nc6 8.d5 Ne7
9.b4 a5 10.Ba3 Nd7 11.bxa5 Rxa5 12.Bb4 Ra8 13.Nd2 f5 14.Nb3 b6 15.a4 Nc5
16.Bxc5 bxc5 17.a5 Ba6 18.Qd3 Rb8 19.Rfb1 Rb4 20.Nd2 Qb8 21.Nb5 Rxb1+ 22.Rxb1 Qd8
23.Bd1 Bh6 24.f3 Kg7 25.Ba4 c6 26.dxc6 Nxc6 27.Nxd6 Nb4 28.Rxb4 cxb4 29.Nb3 fxe4
30.Qd5 Be3+ 31.Kh1 Qe7 32.Bb5 Rd8 33.Qxe4 Rxd6  0-1

[Event "Makarska"]
[Site "Makarska"]
[Date "1996.??.??"]
[Round "1"]
[White "Gabriel, Christian"]
[Black "Stevic, Hrvoje"]
[Result "1-0"]
[WhiteElo "2510"]
[BlackElo "2395"]

1.d4 Nf6 2.c4 g6 3.Nc3 Bg7 4.e4 d6 5.Nf3 O-O 6.Be2 e5 7.O-O Nc6 8.d5 Ne7
9.Ne1 Nd7 10.Nd3 f5 11.Bd2 Nf6 12.f3 f4 13.c5 g5 14.cxd6 cxd6 15.Nf2 h5 16.h3 Ng6
17.a4 Rf7 18.Qc2 Bf8 19.Rfc1 g4 20.fxg4 hxg4 21.hxg4 Nh4 22.Nb5 Rg7 23.Qd1 f3
24.Bxf3 Nxf3+ 25.Qxf3 Bxg4 26.Nxg4 Nxg4 27.Rc7 Qh4 28.Rxg7+ Bxg7 29.Nxd6 Bf8
30.Qh3 Qf2+ 31.Kh1 Qe2 32.Qf3 Nf2+ 33.Kg1 Qxd2 34.Qf7+ Kh8 35.Qh5+ Kg8 36.Qg6+  1-0

[Event "Manresa op"]
[Site "Manresa"]
[Date "1996.??.??"]
[Round "2"]
[White "Vila Sala, S."]
[Black "Cabot Muntane, Jordi"]
[Result "1-0"]
[WhiteElo "2085"]
[BlackElo "2270"]

1.d4 Nf6 2.c4 g6 3.Nc3 Bg7 4.e4 d6 5.Nf3 O-O 6.Be2 e5 7.O-O Nc6 8.d5 Ne7
9.Ne1 Nd7 10.Be3 f5 11.f3 f4 12.Bf2 g5 13.g4 h5 14.h3 hxg4 15.hxg4 Nf6 16.c5 Kf7
17.Nd3 Bd7 18.b4 Rh8 19.Kg2 Ng6 20.Rh1 Nh4+ 21.Bxh4 gxh4 22.Nf2 Qg8 23.c6 bxc6
24.dxc6 Be6 25.Nd5 Bxd5 26.exd5 Bf8 27.Qd3 Ke7 28.Rad1 Nh5 29.Rxh4 Ng3 30.Rxh8 Qxh8
31.Qg6 Bg7 32.Ne4 Nxe2 33.Rh1 Nd4 34.Rxh8 Bxh8 35.Qh7+  1-0